Quizzes
Events
Quiz Creation
Community
Videos
Private Events
Remove Ads
Sign In
Join for FREE
Feedback
Dark Mode
Quiz Categories
Sports
Geography
Music
Movies
Television
Just For Fun
Miscellaneous
History
Literature
Language
Science
Gaming
Entertainment
Religion
Holiday
For Kids
Quiz Lab
Recent
Popular Today
Quiz Kudos Today
Editor Picks
Curator Picks
Quizzes by...
Day
Popularity
Type
Ratings
Length
Year
Community
Subscriptions
Recent Discussions
Orange Saloon
Badges
Playlists
Quests
Create
Leaderboards
Showdown
Live 5
Trivia Bingo
Activity
Puzzle Library
Sporcle Events
Private Events
Virtual Trivia
Globe League
Become a Host
Pub Owners
SporcleCon
Opinionation
Our Games
Videos
Blog
Mobile Apps
Partnerships
Remove Ads and Go Orange
Feedback
Sports
Athletes
MLB
NBA
NHL
NFL
Soccer
Sports Teams
WWE
NCAA
Football
Premier League
Basketball
Baseball
Hockey
Golf
Tennis
Cricket
Rugby
Auto Racing
Olympics
World Cup
Sports
Athletes
MLB
NBA
NHL
NFL
Soccer
Sports Teams
WWE
NCAA
Football
Premier League
Basketball
Baseball
Hockey
Golf
Tennis
Cricket
Rugby
Auto Racing
Olympics
World Cup
Random Quiz
Search Sporcle
×
Quiz Lab
Quiz Lab
Sports
Soccer
Type in answers that appear in a list
Type in answers that appear in a list
Classic
Best Score? Go Orange.
Premier League Golden Boot 1st and 2nd Stats
Can you name the Premier League Golden Boot 1st and 2nd?
By
msteinberg
7m
36 Questions
341 Plays
341 Plays
341 Plays
Comments
Comments
Give Quiz Kudos
Give Quiz Kudos
-
- Ratings
hide this ad
Replay
Link that replays current quiz
Next Quiz
Link to next quiz in quiz playlist
You Got
0%
They Got
Avg Score
74%
Avg Friend Score
Upgrade to see
Score Distribution
Jump to the score distribution portion of the page
Score
0/36
Timer
07:00
0
Plays Today
Year
Name
% Correct
2010
Didier Drogba
95.3%
2007
Didier Drogba
95.3%
2006
Thierry Henry
95%
2005
Thierry Henry
95%
2004
Thierry Henry
95%
2003
Thierry Henry
95%
2002
Thierry Henry
95%
2010
Wayne Rooney
93.8%
2004
Alan Shearer
93.5%
2000
Alan Shearer
93.5%
1997
Alan Shearer
93.5%
1996
Alan Shearer
93.5%
1995
Alan Shearer
93.5%
1994
Alan Shearer
93.5%
1994
Andrew Cole
88%
2009
Cristiano Ronaldo
86.5%
2008
Cristiano Ronaldo
86.5%
1999
Micheal Owen
84.8%
Year
Name
% Correct
1998
Micheal Owen
84.8%
2009
Nicolas Anelka
82.7%
1993
Teddy Sheringham
77.1%
1996
Robbie Fowler
72.1%
1995
Robbie Fowler
72.1%
2002
Jimmy Floyd Hasselbaink
67.7%
2001
Jimmy Floyd Hasselbaink
67.7%
1999
Jimmy Floyd Hasselbaink
67.7%
2000
Kevin Phillips
62.2%
1993
Les Ferdinand
54.8%
1997
Ian Wright
53.4%
2006
Ruud Van Nistelrooy
52.2%
2003
Ruud Van Nistelrooy
52.2%
1998
Dion Dublin
42.5%
2008
Emmanuel Adebayor
39%
2005
Andrew Johnson
24.6%
2001
Marcus Stewart
18.2%
2007
Benni McCarthy
11.4%
Quiz Playlist
Details
Report
Send in Message
Add To Playlist
Classic:
Type in answers that appear in a list
Last Updated: Feb 16, 2017
Quiz Scoreboard
CHALLENGE
Sign Up to Join the Scoreboard
Show All
Scores
Hide
Comments
May contain spoilers
Recently Published
Popular People in 1961
by mucciniale
History
6m
1-10 Letter E Words III
by El_Dandy
Language
2m
One Thing in Common: World Cities II
by knightlancer
Geography
7m
More to Explore
Quiz From the Vault
Featured Blog Post
Where Did the Easter Bunny Come From?
hide this ad
You Might Also Like...
Tags
Premier League Quiz
Soccer Quiz
goal
Goal Scorers
Premier Football
Today's Top Quizzes in Sports
Browse Sports
hide this ad
Today's Top Quizzes in Soccer
Browse Soccer
Top Contributed Quizzes in Sports
1
Les meilleurs buteurs des matchs entre le PSG et l’OM
2
Les entraîneurs de l'OM et du PSG au 21e siècle
3
2022 World Cup Stars
4
FIFA Club World Cup Champions
5
Name the Premier League winners with different clubs
6
La finale Lions - Afrique du Sud 2021
7
Criteria MLB: Left Handed Sluggers
8
Players with Multiple 50 Home Run Seasons
9
MLB Players with Two .350 Batting Average Seasons
10
MLB Hall of Famer by Rings
Explore More
Trending Topics
Anime
Marvel
NBA
Harry Potter
Crossword
Kpop
Disney
Song
Soccer
Country
WWE
NFL
Pokémon
Puzzle
The Office
hide this ad
More By:
msteinberg
Quiz
Plays
Rating
Category
Featured
Created
Premier League Golden Boot 1st and 2nd
341
4.67
Sports
Dec 28, 2010
Go to Creator's Profile
Score Distribution
Quiz Creator Spotlight
msteinberg
Follow
Send a Message
Quizzes Created
-
Created Quiz Play Count
-
More By This Creator
Popular Quizzes Today
1
Find the US States - No Outlines Minefield
2
The Countries of the World
3
Find the Countries of Europe - No Outlines Minefield
4
Popular People in 1961
5
1-10 Letter E Words III
6
Find the US States
7
One Thing in Common: World Cities II
8
US States
More Sports Quizzes
Last 5 Chelsea Winning XI's at Leicester City
Quiz Lab
Trending Quizzes
Risky Map Clicking: Least Populous States A-Z
1-10 Letter F Words
1-10 Letter G Words
One Thing in Common: United Kingdom
Risky Map Clicking: Next State Alphabetically
Recently Updated
Leaping Animals
pecheneg
Reality TV Shows (A-Z)
bhenderson79
Rickey Henderson's Hall of Fame Teammates
pecheneg
Champions League XIs: Arsenal
pecheneg
Quick Pick: Celebrities in WWE's Hall of Fame
aduchscher
A-Z Keypad Blitz II
pecheneg
Multiple Oscar Actors
pecheneg
Mystery Phrase Blitz: Oscar 'Best Actors'
pecheneg
F. Scott Fitzgerald Novels
LTH
Pick 3 Villains
ddd62291
Trending Topics
NBA
Marvel
Crossword
Disney
Anime
Kpop
Harry Potter
Puzzle
Pokémon
Song
Country
NFL
WWE
The Office
Soccer
Your Account Isn't Verified!
In order to create a playlist on Sporcle, you need to verify the email address you used during registration. Go to your
Sporcle Settings
to finish the process.
Report this User
Report this user for behavior that violates our
Community Guidelines
.
Details:
Send Report
Go to the Sporcle.com Mobile Site →
Comments